F1 2024 Driver Trivia - Statistics

General Stats
  • This quiz has been taken 49 times
  • The average score is 12 of 24
Answer Stats
Race Answer % Correct
Bahrain Who was the driver other than Verstappen and Perez to make the podium? Carlos Sainz
94%
Spain Who was the British driver other than Lando Norris to secure a podium in this race? Lewis Hamilton
71%
Canada Who got his 60th career Grand Prix victory in this race? Max Verstappen
71%
Abu Dhabi Which driver replaced Esteban Ocon in the final race of the season? Jack Doohan
65%
Netherlands Which driver won this race by over 22 seconds? Lando Norris
65%
Qatar Which driver got his first points of the season in this race? Zhou Guanyu
65%
Saudi Arabia This driver got his highest 2024 season finish, P5 in this Grand Prix. Fernando Alonso
62%
Australia Which driver missed this Grand Prix weekend after his teammate was swapped into his car? Logan Sargeant
62%
Azerbaijan This driver replaced Kevin Magnussen and secured P10 in this Grand Prix. Ollie Bearman
62%
Monaco Who finished P2 behind hometown hero Leclerc in this race? Oscar Piastri
62%
Belgium Which driver took his final career points in this race? Daniel Ricciardo
50%
China This driver got his last ever career podium in this Grand Prix. Sergio Perez
50%
Mexico Which driver had a major battle with the hometown hero of Mexico during the race for P16? Liam Lawson
47%
Singapore Sergio Pérez praised this driver during the race and hailed him as a driver that was "hard to catch". Who is this driver? Franco Colapinto
44%
Las Vegas Which driver received a five-place grid penalty for a fourth energy store in qualifying? (Hint: This drivers' team is low in the Constructors' Championship.) Valtteri Bottas
44%
Austria Which driver sustained front wing damage and as a result finished P11 despite qualifying P6? His teammate finished P3. Charles Leclerc
41%
Miami This driver secured his team's first points of the season by finishing P10 in the race. Esteban Ocon
41%
Suzuka This driver overtook Oscar Piastri in the final lap of the race to finish P7. George Russell
41%
Interlagos This driver qualified P3 in this race, finishing P7 with an excellent drive. Yuki Tsunoda
38%
Imola Who was the only driver to DNF in this race? Alex Albon
35%
Silverstone Which driver did not start the race due to a gearbox issue? Pierre Gasly
35%
Austin This driver shocked everyone by finishing P7 in this sprint race Kevin Magnussen
32%
Hungary This driver qualified one place behind his teammate and finished P10 during the race. Lance Stroll
26%
Monza Which driver was forced off the track by Ricciardo and finished P17 as a result? Nico Hulkenberg
26%
No matching quizzes found
Score Distribution
Percent of People with Each Score
Percentile by Number Answered
Your Score History
You have not taken this quiz